Regionálne disparity v Európskej únii

Význam regionálnych disparít v priestore Európskej únie. Ekonomické disparity v regiónoch EÚ.

Na minha lista:
Detalhes bibliográficos
Autor principal: Hontyová, Kajetána
Outros Autores: Beňuš, Ondrej
Formato: Capítulo de Livro
Idioma:eslovaco
Assuntos:
Tags: Adicionar Tag
Sem tags, seja o primeiro a adicionar uma tag!

MARC

LEADER 00000naa a2200000 4500
001 0175547
005 20231019123842.2
041 0 |a slo 
044 |a SK 
245 1 0 |a Regionálne disparity v Európskej únii  |c Kajetana Hontyová, Ondrej Beňuš 
520 |a Význam regionálnych disparít v priestore Európskej únie. Ekonomické disparity v regiónoch EÚ. 
610 2 0 |a Európska únia 
610 2 0 |a politika regionálna 
610 2 0 |a disparita 
610 2 0 |a rozvoj regionálny 
610 2 0 |a politika regionálna 
100 1 |a Hontyová, Kajetána 
700 1 |a Beňuš, Ondrej